000 nam a22 7a 4500
999 _c15898
_d15898
008 161107b xxu||||| |||| 00| 0 eng d
020 _a1555951597
050 _aN 6537 .W4597A4 1999
100 _aPancezenko,Russell.
_d1999
245 _aWildeworld:
_bthe art of John Wilde.
260 _aNY:
_bHudson hills press,
_c1999.
300 _a168p.
_c26cm
942 _2lcc
_cBOOKS
_hN 6537 .W4597A4 1999